000
00347nam a2200157Ia 4500
100
_a
Williams/AL
942
_c
BK
366
_f
20
654
_a
circuit board
245
_a
Build your own printed circuit board
260
_b
Tata Mc Graw hill Ltd.
_c
2004
082
_a
621.3815
_b
WIL
300
_a
206
546
_a
ENGLISH
_c
TTL
999
_c
26394
_d
26394